000 00431nam a2200169Ia 4500
008 220204s9999 xx 000 0 und d
082 _a579.22
_bMOA
100 _aMOAT, Albert G
245 0 _aMicrobial physiology
260 _aNew York
_bJohn Wiley
_c1979
650 _aAmino acid
650 _aMicrobial genetics
650 _aMicrobial physiology
650 _aMorphogenesis
650 _aNitrogen metabolism
942 _cBK
999 _c32044
_d32044